Butyl inner tube compounding (Record no. 55026)

MARC details
000 -LEADER
fixed length control field 00324nam a2200133Ia 4500
100 ## - MAIN ENTRY--AUTHOR NAME
Personal name Majumdar S
245 #0 - TITLE STATEMENT
Title Butyl inner tube compounding
260 ## - PUBLICATION, DISTRIBUTION, ETC. (IMPRINT)
Name of publisher Rubber Chem Review
Year of publication 1997
300 ## - PHYSICAL DESCRIPTION
Number of Pages 17-36
650 ## - SUBJECT ADDED ENTRY--TOPICAL TERM
Topical Term Butyl inner tube
650 ## - SUBJECT ADDED ENTRY--TOPICAL TERM
Topical Term Butyl rubber
942 ## - ADDED ENTRY ELEMENTS (KOHA)
Koha item type Journals
Holdings
Withdrawn status Lost status Damaged status Not for loan Home library Current library Shelving location Date acquired Serial Enumeration / chronology Koha item type
      Journals RRII Library RRII Library Rubber chemistry 17/12/2021 Volume 26, Issue 7 Journals